[Event "DVM U10 2020"]
[Site "Magdeburg GER"]
[Date "2021.08.06"]
[Round "1"]
[White "Roos Nazario, Valentin"]
[Black "Goldmann, David"]
[Result "0-1"]
[Termination "normal"]
[Board "1.1"]
[WhiteElo "1204"]
[BlackElo "1629"]
[WhiteClock "00:28:00"]
[BlackClock "00:10:09"]
[WhiteTeam "Tischtennisclub Grün-Weiß Fritzdorf 1958 e. V."]
[BlackTeam "Hamburger SK von 1830 eV"]
[PlyCount "87"]
[WhiteFideId "16295722"]
[BlackFideId "16268920"]
[EventCountry "GER"]
[EventRounds "7"]
[EventType "team-swiss"]
[EventDate "2021.08.06"]

{[%evp 0,87,29,12,12,22,25,25,19,36,25,8,105,99,114,116,95,116,104,93,87,70,74,
67,89,52,63,67,86,80,97,50,53,41,43,6,95,100,94,93,100,88,84,33,34,33,132,110,
143,115,128,128,113,130,138,116,130,126,141,113,126,117,141,151,151,146,192,
161,180,160,161,169,447,449,579,596,623,623,631,542,554,524,543,552,563,545,
548,550,553,553]} 1. e4 {[%emt 0:00:03]} e5 {[%emt 0:00:16]} 2. Nf3 {[%emt
0:00:14]} Nc6 {[%emt 0:00:14]} 3. Bb5 {[%emt 0:00:12]} Bc5 {[%emt 0:01:11]} 4.
O-O {[%emt 0:00:20]} Nge7 {[%emt 0:00:21]} 5. c3 {[%emt 0:00:49]} O-O {[%emt
0:03:11]} 6. d4 {[%emt 0:01:55]} exd4 {[%emt 0:00:27]} 7. cxd4 {[%emt 0:00:21]}
Bb6 {[%emt 0:00:23]} 8. d5 {[%emt 0:01:47]} a6 {[%emt 0:00:43]} 9. Ba4 {[%emt
0:01:14]} Na7 {[%emt 0:00:36]} 10. Nc3 {[%emt 0:02:21]} d6 {[%emt 0:00:39]} 11.
Bc2 {[%emt 0:00:21]} c6 {[%emt 0:00:55]} 12. Bf4 {[%emt 0:00:32]} Ng6 {[%emt
0:00:30]} 13. Bg3 {[%emt 0:00:26]} Bc7 {[%emt 0:01:58]} 14. Qd2 {[%emt
0:03:04]} Nb5 {[%emt 0:01:09]} 15. Nxb5 {[%emt 0:00:35]} axb5 {[%emt 0:00:18]}
16. dxc6 {[%emt 0:00:27]} bxc6 {[%emt 0:00:15]} 17. Rfd1 {[%emt 0:00:18]} Be6
{[%emt 0:04:08]} 18. Bxd6 {[%emt 0:00:52]} Bxd6 {[%emt 0:00:13]} 19. Qxd6
{[%emt 0:00:07]} Qxd6 {[%emt 0:00:09]} 20. Rxd6 {[%emt 0:00:09]} Bxa2 {[%emt
0:00:19]} 21. h3 {[%emt 0:02:24]} c5 {[%emt 0:01:15]} 22. Rc6 {[%emt 0:00:32]}
c4 {[%emt 0:09:46]} 23. Rb6 {[%emt 0:00:56]} Ra5 {[%emt 0:03:54]} 24. Bb1
{[%emt 0:00:49]} Rfa8 {[%emt 0:01:26]} 25. Rxa2 {[%emt 0:00:14]} Rxa2 {[%emt
0:00:11]} 26. Bxa2 {[%emt 0:00:04]} Rxa2 {[%emt 0:00:13]} 27. Rxb5 {[%emt
0:00:11]} Kf8 {[%emt 0:00:26]} 28. g3 {[%emt 0:00:41]} Ke7 {[%emt 0:00:29]} 29.
Kg2 {[%emt 0:00:47]} Kd6 {[%emt 0:00:35]} 30. h4 {[%emt 0:00:55]} Kc6 {[%emt
0:01:39]} 31. Nd4+ {[%emt 0:00:15]} Kd6 {[%emt 0:00:07]} 32. h5 {[%emt
0:01:13]} Ne7 {[%emt 0:00:57]} 33. Kf3 {[%emt 0:01:10]} g6 {[%emt 0:00:38]} 34.
hxg6 {[%emt 0:00:25]} hxg6 {[%emt 0:00:11]} 35. Ke3 {[%emt 0:00:39]} Nc6 {[%emt
0:04:43]} 36. Rb6 {[%emt 0:00:10]} Kc5 {[%emt 0:01:21]} 37. Rxc6+ {[%emt
0:00:08]} Kb4 {[%emt 0:00:06]} 38. Rb6+ {[%emt 0:00:04]} Kc5 {[%emt 0:00:23]}
39. Rb5+ {[%emt 0:00:08]} Kd6 {[%emt 0:00:12]} 40. Kd2 {[%emt 0:00:29]} Ra4
{[%emt 0:01:33]} 41. Kc3 {[%emt 0:00:40]} Ra1 {[%emt 0:00:17]} 42. Kxc4 {[%emt
0:00:19]} Rc1+ {[%emt 0:00:18]} 43. Kd3 {[%emt 0:00:15]} Rd1+ {[%emt 0:00:13]}
44. Ke3 {[%emt 0:01:44] normal Kd5} 0-1

[Event "DVM U10 2020"]
[Site "Magdeburg GER"]
[Date "2021.08.06"]
[Round "1"]
[White "Lu, Yunong Elias"]
[Black "Burlutskaia, Maria"]
[Result "1-0"]
[Termination "normal"]
[Board "1.2"]
[WhiteElo "1557"]
[BlackElo "1355"]
[WhiteClock "00:01:42"]
[BlackClock "00:33:10"]
[WhiteTeam "Hamburger SK von 1830 eV"]
[BlackTeam "Tischtennisclub Grün-Weiß Fritzdorf 1958 e. V."]
[PlyCount "92"]
[WhiteFideId "16276426"]
[BlackFideId "34607137"]
[EventCountry "GER"]
[EventRounds "7"]
[EventType "team-swiss"]
[EventDate "2021.08.06"]

{[%evp 0,58,31,10,52,71,40,29,43,36,74,61,61,47,35,27,27,34,21,22,35,53,41,36,
43,33,78,24,51,46,45,56,38,48,48,41,42,32,41,34,43,14,8,31,27,-41,-7,-57,-8,
-105,-90,-809,-842,-842,-866,-1027,-639,-1493,-859,-849,-402]} 1. e4 {[%emt
0:00:03]} c5 {[%emt 0:00:08]} 2. Nf3 {[%emt 0:00:16]} e6 {[%emt 0:00:04]} 3. d4
{[%emt 0:00:39]} cxd4 {[%emt 0:00:05]} 4. Nxd4 {[%emt 0:00:36]} Bc5 {[%emt
0:00:06]} 5. Nb3 {[%emt 0:00:49]} Be7 {[%emt 0:00:05]} 6. Nc3 {[%emt 0:00:27]}
Nc6 {[%emt 0:00:11]} 7. Bd3 {[%emt 0:01:12]} Nf6 {[%emt 0:00:12]} 8. O-O {[%emt
0:01:35]} O-O {[%emt 0:00:08]} 9. Bf4 {[%emt 0:02:32]} d5 {[%emt 0:01:33]} 10.
exd5 {[%emt 0:03:49]} exd5 {[%emt 0:01:23]} 11. Re1 {[%emt 0:04:03]} Bg4 {[%emt
0:01:42]} 12. Qd2 {[%emt 0:02:18]} d4 {[%emt 0:02:05]} 13. Ne4 {[%emt 0:04:12]}
Bb4 {[%emt 0:00:51]} 14. c3 {[%emt 0:00:20]} Nxe4 {[%emt 0:00:08]} 15. Rxe4
{[%emt 0:02:51]} dxc3 {[%emt 0:00:21]} 16. bxc3 {[%emt 0:01:10]} Be7 {[%emt
0:00:33]} 17. Rae1 {[%emt 0:05:14]} Bf5 {[%emt 0:00:39]} 18. R4e3 {[%emt
0:00:19]} Bxd3 {[%emt 0:00:22]} 19. Rxd3 {[%emt 0:00:53]} Qb6 {[%emt 0:00:37]}
20. Rg3 {[%emt 0:02:00]} Rfd8 {[%emt 0:01:37]} 21. Qe2 {[%emt 0:04:43]} Bf6
{[%emt 0:00:55]} 22. Qf3 {[%emt 0:02:44]} Ne7 {[%emt 0:00:48]} 23. Qg4 {[%emt
0:02:23]} Ng6 {[%emt 0:01:36]} 24. h4 {[%emt 0:00:50]} Bxh4 {[%emt 0:01:02]}
25. Rh3 {[%emt 0:00:17]} Qxf2+ {[%emt 0:00:21]} 26. Kh2 {[%emt 0:00:35]} Qxe1
{[%emt 0:00:48]} 27. Re3 {[%emt 0:01:08]} Qd1 {[%emt 0:00:34]} 28. Qf5 {[%emt
0:00:51]} Nxf4 {[%emt 0:00:28]} 29. Qxf4 {[%emt 0:00:17]} Qd6 {[%emt 0:00:09]}
30. Re8+ {[%emt 0:00:15]} Rxe8 {[%emt 0:00:13]} 31. Qxd6 {[%emt 0:00:07]} Bf6
{[%emt 0:00:09]} 32. Qd3 {[%emt 0:01:14]} Be5+ {[%emt 0:00:20]} 33. Kh3 {[%emt
0:00:15]} Rac8 {[%emt 0:00:29]} 34. c4 {[%emt 0:00:16]} Rcd8 {[%emt 0:00:23]}
35. Qf3 {[%emt 0:00:37]} b6 {[%emt 0:00:15]} 36. Qb7 {[%emt 0:01:04]} Rd3+
{[%emt 0:00:09]} 37. Kh4 {[%emt 0:00:12]} h6 {[%emt 0:00:45]} 38. Qc6 {[%emt
0:00:25]} Bf6+ {[%emt 0:00:38]} 39. Kg4 {[%emt 0:00:18]} Re6 {[%emt 0:00:18]}
40. Qa8+ {[%emt 0:00:24]} Kh7 {[%emt 0:00:14]} 41. g3 {[%emt 0:00:56]} Ree3
{[%emt 0:01:02]} 42. Kf4 {[%emt 0:00:37]} Bg5+ {[%emt 0:00:24]} 43. Kg4 {[%emt
0:00:46]} Rxg3+ {[%emt 0:00:06]} 44. Kf5 {[%emt 0:00:03]} g6+ {[%emt 0:00:29]}
45. Ke5 {[%emt 0:00:37]} Rge3+ {[%emt 0:00:07]} 46. Qe4 {[%emt 0:00:03]} f6+
{[%emt 0:00:09]} 1-0

[Event "DVM U10 2020"]
[Site "Magdeburg GER"]
[Date "2021.08.06"]
[Round "1"]
[White "Fischermann, Simon"]
[Black "Braun, Julian"]
[Result "0-1"]
[Termination "normal"]
[Board "1.3"]
[WhiteElo "861"]
[BlackElo "1436"]
[WhiteClock "00:30:49"]
[BlackClock "00:17:30"]
[WhiteTeam "Tischtennisclub Grün-Weiß Fritzdorf 1958 e. V."]
[BlackTeam "Hamburger SK von 1830 eV"]
[PlyCount "98"]
[WhiteFideId "34620869"]
[BlackFideId "16289293"]
[EventCountry "GER"]
[EventRounds "7"]
[EventType "team-swiss"]
[EventDate "2021.08.06"]

{[%evp 0,79,30,12,12,24,14,14,12,12,26,-9,10,-46,-39,-56,-45,-50,-45,-119,-119,
-120,-118,-132,-137,-139,-114,-114,-51,-204,-200,-201,-202,-202,-189,-195,-195,
-212,-217,-262,-253,-246,-248,-249,-257,-259,-201,-196,-205,-205,-195,-195,
-195,-219,-158,-159,-161,-189,-197,-237,-177,-269,-158,-158,-163,-190,-111,
-113,-125,-217,-195,-217,-180,-340,-243,-447,-486,-490,-781,-1014,-1014,-1158]}
1. e4 e5 {[%emt 0:00:01]} 2. Nf3 {[%emt 0:00:11]} Nc6 {[%emt 0:00:16]} 3. Nc3
{[%emt 0:00:17]} Nf6 {[%emt 0:00:09]} 4. Bc4 {[%emt 0:00:13]} Nxe4 {[%emt
0:00:48]} 5. Nxe4 {[%emt 0:00:14]} d5 {[%emt 0:00:06]} 6. Bxd5 {[%emt 0:00:38]}
Qxd5 {[%emt 0:00:10]} 7. d3 {[%emt 0:00:32]} Bf5 {[%emt 0:00:19]} 8. O-O {[%emt
0:00:17]} O-O-O {[%emt 0:00:40]} 9. Be3 {[%emt 0:00:24]} Bxe4 {[%emt 0:01:19]}
10. dxe4 {[%emt 0:00:17]} Qxe4 {[%emt 0:00:15]} 11. Qe2 {[%emt 0:00:15]} Nd4
{[%emt 0:00:49]} 12. Qd1 {[%emt 0:00:54]} Nxc2 {[%emt 0:01:51]} 13. Qb1 {[%emt
0:00:14]} Qf5 {[%emt 0:04:36]} 14. Rc1 {[%emt 0:01:28]} Nxe3 {[%emt 0:00:18]}
15. fxe3 {[%emt 0:00:38]} Qxb1 {[%emt 0:00:31]} 16. Raxb1 {[%emt 0:00:21]} Bd6
{[%emt 0:00:59]} 17. Rc4 {[%emt 0:00:30]} f6 {[%emt 0:01:29]} 18. Nh4 {[%emt
0:00:33]} Rd7 {[%emt 0:01:57]} 19. Rd1 {[%emt 0:00:40]} Bc5 {[%emt 0:00:47]}
20. Rxd7 {[%emt 0:00:32]} Bxe3+ {[%emt 0:00:30]} 21. Kf1 {[%emt 0:00:20]} Kxd7
{[%emt 0:00:09]} 22. Nf5 {[%emt 0:00:21]} Bh6 {[%emt 0:01:39]} 23. Nxh6 {[%emt
0:00:49]} gxh6 {[%emt 0:00:03]} 24. Rh4 {[%emt 0:00:25]} Ke6 {[%emt 0:00:33]}
25. Rxh6 {[%emt 0:00:12]} Kf5 {[%emt 0:01:46]} 26. Rh3 {[%emt 0:00:20]} e4
{[%emt 0:01:06]} 27. Ke2 {[%emt 0:00:25]} h5 {[%emt 0:01:13]} 28. Rc3 {[%emt
0:00:27]} c6 {[%emt 0:01:08]} 29. h3 {[%emt 0:00:33]} Rd8 {[%emt 0:01:58]} 30.
Ke3 {[%emt 0:00:30]} Rd3+ {[%emt 0:01:20]} 31. Rxd3 {[%emt 0:00:06]} exd3
{[%emt 0:00:07]} 32. g3 {[%emt 0:00:47]} b6 {[%emt 0:06:15]} 33. Kxd3 {[%emt
0:01:09]} c5 {[%emt 0:01:32]} 34. b3 {[%emt 0:00:53]} Ke5 {[%emt 0:05:32]} 35.
Ke3 {[%emt 0:00:18]} b5 {[%emt 0:01:02]} 36. a3 {[%emt 0:00:09]} a6 {[%emt
0:00:59]} 37. g4 {[%emt 0:00:25]} hxg4 {[%emt 0:00:53]} 38. hxg4 {[%emt
0:00:03]} c4 {[%emt 0:00:19]} 39. b4 {[%emt 0:00:12]} f5 {[%emt 0:00:27]} 40.
g5 {[%emt 0:00:10]} f4+ {[%emt 0:00:05]} 41. Kf3 {[%emt 0:00:40]} Kf5 {[%emt
0:00:36]} 42. g6 {[%emt 0:00:05]} Kxg6 {[%emt 0:00:08]} 43. Kxf4 {[%emt
0:00:21]} Kf6 {[%emt 0:00:18]} 44. Ke4 {[%emt 0:00:13]} Ke6 {[%emt 0:00:29]}
45. Kd4 {[%emt 0:00:14]} Kf5 {[%emt 0:00:20]} 46. a4 {[%emt 0:00:45]} Kf4
{[%emt 0:00:26]} 47. a5 {[%emt 0:00:25]} Kf3 {[%emt 0:00:15]} 48. Kc3 {[%emt
0:00:30]} Ke3 {[%emt 0:00:15]} 49. Kc2 {[%emt 0:00:09]} Kd4 {[%emt 0:00:34]}
0-1

[Event "DVM U10 2020"]
[Site "Magdeburg GER"]
[Date "2021.08.06"]
[Round "1"]
[White "Middendorf, Sven-Jonas"]
[Black "Ahlers, Quentin"]
[Result "1-0"]
[Termination "normal"]
[Board "2.1"]
[WhiteElo "1407"]
[BlackElo "1431"]
[WhiteClock "00:19:49"]
[BlackClock "00:21:43"]
[WhiteTeam "SV Hellas Nauen e.V."]
[BlackTeam "SK Lehrte von 1919 e. V."]
[PlyCount "77"]
[WhiteFideId "16287207"]
[BlackFideId "16269551"]
[EventCountry "GER"]
[EventRounds "7"]
[EventType "team-swiss"]
[EventDate "2021.08.06"]

{[%evp 0,77,25,12,19,24,7,9,14,6,42,11,10,22,25,30,60,30,19,28,36,9,72,34,52,
43,76,52,64,39,50,46,41,48,19,34,18,49,440,450,441,464,460,463,481,399,392,378,
376,385,425,430,559,569,1391,1416,1631,1689,2165,2339,29981,29982,29983,29984,
29985,1621,29991,29992,29993,29992,29993,29994,29995,29992,29993,29994,29997,
29998,29999,-30000]} 1. e4 e5 {[%emt 0:00:08]} 2. Nf3 {[%emt 0:00:07]} Nc6
{[%emt 0:00:08]} 3. Bb5 {[%emt 0:00:04]} Bc5 {[%emt 0:00:15]} 4. O-O {[%emt
0:00:10]} d6 {[%emt 0:00:09]} 5. h3 {[%emt 0:00:24]} Nge7 {[%emt 0:00:29]} 6.
c3 {[%emt 0:00:29]} O-O {[%emt 0:00:21]} 7. d4 {[%emt 0:00:48]} exd4 {[%emt
0:02:47]} 8. cxd4 {[%emt 0:00:13]} Bb6 {[%emt 0:00:54]} 9. Re1 {[%emt 0:01:13]}
a6 {[%emt 0:01:09]} 10. Ba4 {[%emt 0:01:13]} Ba5 {[%emt 0:01:25]} 11. Bd2
{[%emt 0:01:11]} b5 {[%emt 0:00:22]} 12. Bb3 {[%emt 0:01:29]} Bb7 {[%emt
0:05:19]} 13. d5 {[%emt 0:04:35]} Bxd2 {[%emt 0:00:11]} 14. Qxd2 {[%emt
0:04:34]} Ne5 {[%emt 0:01:49]} 15. Nxe5 {[%emt 0:00:56]} dxe5 {[%emt 0:00:09]}
16. Qc3 {[%emt 0:01:37]} Qd6 {[%emt 0:02:40]} 17. Nd2 {[%emt 0:03:50]} c6
{[%emt 0:02:59]} 18. Nf3 {[%emt 0:02:45]} f6 {[%emt 0:00:37]} 19. dxc6+ {[%emt
0:00:59]} Kh8 {[%emt 0:01:03]} 20. cxb7 {[%emt 0:00:17]} Rab8 {[%emt 0:00:18]}
21. Red1 {[%emt 0:01:03]} Qb6 {[%emt 0:00:14]} 22. Bd5 {[%emt 0:01:11]} Nxd5
{[%emt 0:02:05]} 23. exd5 {[%emt 0:00:48]} Qxb7 {[%emt 0:00:21]} 24. Qc6 {[%emt
0:00:34]} Rfd8 {[%emt 0:00:53]} 25. Rac1 {[%emt 0:02:21]} Qxc6 {[%emt 0:01:47]}
26. dxc6 {[%emt 0:00:43]} Rxd1+ {[%emt 0:01:08]} 27. Rxd1 {[%emt 0:00:03]} Rc8
{[%emt 0:02:23]} 28. c7 {[%emt 0:00:05]} Kg8 {[%emt 0:00:10]} 29. Rd8+ {[%emt
0:00:05]} Rxd8 {[%emt 0:00:17]} 30. cxd8=Q+ {[%emt 0:00:06]} Kf7 {[%emt
0:00:34]} 31. Qd7+ {[%emt 0:00:09]} Kf8 {[%emt 0:00:22]} 32. Nd2 {[%emt
0:01:06]} f5 {[%emt 0:00:15]} 33. Nf3 {[%emt 0:00:05]} h6 {[%emt 0:00:40]} 34.
Nxe5 {[%emt 0:00:28]} Kg8 {[%emt 0:00:10]} 35. Qf7+ {[%emt 0:01:43]} Kh7 {[%emt
0:00:15]} 36. Qg6+ {[%emt 0:00:04]} Kg8 {[%emt 0:00:46]} 37. Nd7 {[%emt
0:00:21]} b4 {[%emt 0:00:57]} 38. Nf6+ {[%emt 0:00:10]} Kf8 {[%emt 0:00:17]}
39. Qe8# {[%emt 0:00:06]} 1-0

[Event "DVM U10 2020"]
[Site "Magdeburg GER"]
[Date "2021.08.06"]
[Round "1"]
[White "Ebel, Felix"]
[Black "Barthel, Jacob"]
[Result "0-1"]
[Termination "normal"]
[Board "2.2"]
[WhiteElo "955"]
[BlackElo "1321"]
[WhiteClock "00:36:47"]
[BlackClock "00:09:04"]
[WhiteTeam "SK Lehrte von 1919 e. V."]
[BlackTeam "SV Hellas Nauen e.V."]
[PlyCount "44"]
[WhiteFideId "34651446"]
[BlackFideId "16273346"]
[EventCountry "GER"]
[EventRounds "7"]
[EventType "team-swiss"]
[EventDate "2021.08.06"]

{[%evp 0,44,19,38,25,24,20,-6,12,30,17,6,66,54,59,57,51,51,51,32,24,21,21,22,
26,26,13,0,16,-5,24,0,0,-1,2,-155,-165,-487,-79,-92,-65,-49,-76,-177,-172,
-29999,-30000]} 1. e4 {[%emt 0:00:04]} e5 {[%emt 0:00:07]} 2. Bc4 {[%emt
0:00:05]} Bc5 {[%emt 0:00:20]} 3. Qh5 {[%emt 0:00:28]} Qf6 {[%emt 0:02:01]} 4.
Nf3 {[%emt 0:00:16]} d6 {[%emt 0:06:38]} 5. d3 {[%emt 0:00:21]} Be6 {[%emt
0:08:44]} 6. Bg5 {[%emt 0:02:07]} Qg6 {[%emt 0:01:06]} 7. Qxg6 {[%emt 0:00:20]}
hxg6 {[%emt 0:00:16]} 8. Bxe6 {[%emt 0:00:25]} fxe6 {[%emt 0:00:10]} 9. Nc3
{[%emt 0:00:40]} a6 {[%emt 0:03:25]} 10. Be3 {[%emt 0:00:42]} Bxe3 {[%emt
0:01:27]} 11. fxe3 {[%emt 0:00:11]} Nc6 {[%emt 0:02:52]} 12. O-O {[%emt
0:00:11]} Nf6 {[%emt 0:00:47]} 13. Ng5 {[%emt 0:00:08]} Kd7 {[%emt 0:00:55]}
14. h3 {[%emt 0:00:34]} Raf8 {[%emt 0:01:09]} 15. Rad1 {[%emt 0:01:08]} Rh5
{[%emt 0:03:58]} 16. Nf3 {[%emt 0:00:53]} g5 {[%emt 0:02:22]} 17. g4 {[%emt
0:03:08]} Rxh3 {[%emt 0:01:05]} 18. d4 {[%emt 0:00:26]} Nxg4 {[%emt 0:02:14]}
19. Nxe5+ {[%emt 0:02:27]} Ncxe5 {[%emt 0:02:00]} 20. Rxf8 {[%emt 0:01:41]}
Rg3+ {[%emt 0:01:56]} 21. Kh1 {[%emt 0:01:10]} Nf3 {[%emt 0:03:52]} 22. Ne2
{[%emt 0:02:07]} Nf2# {[%emt 0:00:38]} 0-1

[Event "DVM U10 2020"]
[Site "Magdeburg GER"]
[Date "2021.08.06"]
[Round "1"]
[White "Fadeev, Justin Michael"]
[Black "Stelter, Torge"]
[Result "1-0"]
[Termination "normal"]
[Board "2.3"]
[WhiteElo "1293"]
[BlackElo "761"]
[WhiteClock "00:42:20"]
[BlackClock "00:44:34"]
[WhiteTeam "SV Hellas Nauen e.V."]
[BlackTeam "SK Lehrte von 1919 e. V."]
[PlyCount "31"]
[WhiteFideId "34602968"]
[EventCountry "GER"]
[EventRounds "7"]
[EventType "team-swiss"]
[EventDate "2021.08.06"]

{[%evp 0,31,14,19,9,24,36,18,22,11,44,7,0,7,14,-1,99,43,51,51,41,43,157,125,
368,394,355,351,348,348,455,448,29999,-30000]} 1. e4 {[%emt 0:00:02]} e5 {[%emt
0:00:02]} 2. Nf3 {[%emt 0:00:32]} Nf6 {[%emt 0:00:10]} 3. Nc3 {[%emt 0:00:11]}
Nc6 {[%emt 0:00:25]} 4. Bb5 {[%emt 0:00:25]} a6 {[%emt 0:03:34]} 5. Ba4 {[%emt
0:01:20]} Bb4 {[%emt 0:00:23]} 6. O-O {[%emt 0:01:00]} O-O {[%emt 0:00:38]} 7.
Re1 {[%emt 0:03:13]} Ng4 {[%emt 0:01:39]} 8. h3 {[%emt 0:01:08]} Nf6 {[%emt
0:00:26]} 9. Bxc6 {[%emt 0:02:45]} dxc6 {[%emt 0:00:39]} 10. Nxe5 {[%emt
0:00:36]} Qd6 {[%emt 0:01:46]} 11. Nf3 {[%emt 0:01:33]} Re8 {[%emt 0:00:31]}
12. e5 {[%emt 0:00:54]} Qd8 {[%emt 0:01:51]} 13. exf6 {[%emt 0:00:19]} Rxe1+
{[%emt 0:01:04]} 14. Qxe1 {[%emt 0:00:09]} Bxc3 {[%emt 0:00:16]} 15. dxc3
{[%emt 0:00:21]} Qxf6 {[%emt 0:00:36]} 16. Qe8# {[%emt 0:00:29]} 1-0

[Event "DVM U10 2020"]
[Site "Magdeburg GER"]
[Date "2021.08.06"]
[Round "1"]
[White "Heyl, Jonathan"]
[Black "Dodul, Arthur"]
[Result "0-1"]
[Termination "normal"]
[Board "2.4"]
[WhiteElo "736"]
[BlackElo "1148"]
[WhiteClock "00:39:37"]
[BlackClock "00:27:47"]
[WhiteTeam "SK Lehrte von 1919 e. V."]
[BlackTeam "SV Hellas Nauen e.V."]
[PlyCount "96"]
[WhiteFideId "533006199"]
[BlackFideId "34609016"]
[EventCountry "GER"]
[EventRounds "7"]
[EventType "team-swiss"]
[EventDate "2021.08.06"]

{[%evp 0,77,19,9,24,11,12,17,19,11,10,16,22,3,3,7,1,-4,5,-16,-20,-108,-121,
-121,-121,-108,-72,-275,-236,-222,-235,-547,-174,-175,-108,-107,-116,-165,-59,
-60,-31,-26,-55,-81,-71,-66,-52,-58,-53,-68,-66,-67,-64,-64,-39,-34,-19,-61,
-65,-58,-10,-67,-42,-77,-73,-69,-61,-71,-70,-73,-70,-140,-124,-707,-741,-1292,
-1208,-1227,-1302,-1514]} 1. e4 {[%emt 0:00:04]} e5 {[%emt 0:00:04]} 2. Nf3
{[%emt 0:00:12]} Nc6 {[%emt 0:00:09]} 3. Bc4 {[%emt 0:00:10]} Bc5 {[%emt
0:00:12]} 4. Nc3 {[%emt 0:00:13]} Nf6 {[%emt 0:00:10]} 5. d3 {[%emt 0:00:09]}
h6 {[%emt 0:00:21]} 6. O-O {[%emt 0:00:16]} d6 {[%emt 0:00:11]} 7. Be3 {[%emt
0:00:21]} Bb6 {[%emt 0:00:23]} 8. Qd2 {[%emt 0:00:20]} Bg4 {[%emt 0:00:15]} 9.
Nd5 {[%emt 0:00:29]} Bxf3 {[%emt 0:00:14]} 10. Nxf6+ {[%emt 0:00:26]} Qxf6
{[%emt 0:00:20]} 11. gxf3 {[%emt 0:00:38]} Qxf3 {[%emt 0:00:14]} 12. Rae1
{[%emt 0:00:35]} O-O-O {[%emt 0:00:47]} 13. Re2 {[%emt 0:00:26]} Nd4 {[%emt
0:00:41]} 14. Bxd4 {[%emt 0:00:52]} Bxd4 {[%emt 0:00:33]} 15. c3 {[%emt
0:00:33]} Bb6 {[%emt 0:00:50]} 16. d4 {[%emt 0:00:26]} h5 {[%emt 0:01:43]} 17.
Re3 {[%emt 0:00:22]} Qf4 {[%emt 0:00:24]} 18. Qe2 {[%emt 0:00:37]} h4 {[%emt
0:01:18]} 19. Rf3 {[%emt 0:00:16]} Qg4+ {[%emt 0:00:31]} 20. Kh1 {[%emt
0:00:15]} f6 {[%emt 0:04:36]} 21. h3 {[%emt 0:00:17]} Qh5 {[%emt 0:00:47]} 22.
Rg1 {[%emt 0:00:17]} Rh7 {[%emt 0:01:09]} 23. Be6+ {[%emt 0:00:16]} Kb8 {[%emt
0:00:33]} 24. Bg4 {[%emt 0:00:36]} Qf7 {[%emt 0:00:31]} 25. Bf5 {[%emt
0:00:24]} Rh6 {[%emt 0:00:21]} 26. d5 {[%emt 0:00:56]} g6 {[%emt 0:01:26]} 27.
Be6 {[%emt 0:00:13]} Qe7 {[%emt 0:00:49]} 28. Qd2 {[%emt 0:00:36]} g5 {[%emt
0:00:29]} 29. b4 {[%emt 0:01:11]} c6 {[%emt 0:01:04]} 30. c4 {[%emt 0:00:20]}
Bd4 {[%emt 0:00:21]} 31. Rg4 {[%emt 0:01:02]} c5 {[%emt 0:01:00]} 32. bxc5
{[%emt 0:00:19]} Bxc5 {[%emt 0:00:31]} 33. Rb3 {[%emt 0:00:33]} Qc7 {[%emt
0:01:01]} 34. Qb2 {[%emt 0:01:08]} Rh7 {[%emt 0:00:36]} 35. a4 {[%emt 0:00:21]}
Qa5 {[%emt 0:00:18]} 36. Rxb7+ {[%emt 0:00:13]} Rxb7 {[%emt 0:00:10]} 37. Qa2
{[%emt 0:01:00]} Qe1+ {[%emt 0:00:10]} 38. Rg1 {[%emt 0:00:16]} Qxe4+ {[%emt
0:00:10]} 39. Rg2 {[%emt 0:00:32]} Rb1+ {[%emt 0:00:08]} 40. Kh2 {[%emt
0:00:15]} Qf4+ {[%emt 0:00:12]} 41. Rg3 {[%emt 0:00:26]} hxg3+ {[%emt 0:00:14]}
42. fxg3 {[%emt 0:00:21]} Qf1 {[%emt 0:00:25]} 43. Qg2 {[%emt 0:00:42]} Qc1
{[%emt 0:00:45]} 44. Bf5 {[%emt 0:00:15]} Rb2 {[%emt 0:00:10]} 45. Qxb2+ {[%emt
0:00:48]} Qxb2+ {[%emt 0:00:12]} 46. Bc2 {[%emt 0:00:17]} Qxc2+ {[%emt
0:00:14]} 47. Kh1 {[%emt 0:00:38]} Qd1+ {[%emt 0:00:07]} 48. Kh2 {[%emt
0:00:17]} Qg1# {[%emt 0:00:13]} 0-1